Invisible Stanley / (Record no. 621)

MARC details
000 -LEADER
fixed length control field 00945pam a2200289 a 4500
005 - DATE AND TIME OF LATEST TRANSACTION
control field 20250808143519.0
020 ## - INTERNATIONAL STANDARD BOOK NUMBER
International Standard Book Number 0060097922 (pbk.)
020 ## - INTERNATIONAL STANDARD BOOK NUMBER
International Standard Book Number 9780439639248
040 ## - CATALOGING SOURCE
Original cataloging agency DLC
Transcribing agency DLC
Modifying agency DLC
-- FISKH
Language of cataloging eng
050 00 - LIBRARY OF CONGRESS CALL NUMBER
Classification number PZ7.B81422
Item number In 2003
082 00 - DEWEY DECIMAL CLASSIFICATION NUMBER
Classification number [Fic]
Edition number 20
100 1# - MAIN ENTRY--PERSONAL NAME
Personal name Brown, Jeff,
Dates associated with a name 1926-2003
245 10 - TITLE STATEMENT
Title Invisible Stanley /
Statement of responsibility, etc. by Jeff Brown ; pictures by Scott Nash.
250 ## - EDITION STATEMENT
Edition statement Newly illustrated Harper Trophy ed.
260 ## - PUBLICATION, DISTRIBUTION, ETC.
Place of publication, distribution, etc. New York :
Name of publisher, distributor, etc. Scholastic,
Date of publication, distribution, etc. 2009.
300 ## - PHYSICAL DESCRIPTION
Extent 87 pages :
Other physical details illustrations ;
Dimensions 19 cm.
505 ## - FORMATTED CONTENTS NOTE
Formatted contents note H
520 ## - SUMMARY, ETC.
Summary, etc. One morning after a thunderstorm, the Lambchop family is surprised to discover that Stanley is suddenly invisible.
521 ## - TARGET AUDIENCE NOTE
Target audience note 520 <br/>
Source Lexile
521 ## - TARGET AUDIENCE NOTE
Target audience note H <br/>
Source Raz-Plus
650 #1 - SUBJECT ADDED ENTRY--TOPICAL TERM
Topical term or geographic name entry element Brothers
Form subdivision Fiction.
650 #1 - SUBJECT ADDED ENTRY--TOPICAL TERM
Topical term or geographic name entry element Humorous stories.
700 1# - ADDED ENTRY--PERSONAL NAME
Personal name Nash, Scott,
Dates associated with a name 1959-
Relator term illustrator
906 ## - LOCAL DATA ELEMENT F, LDF (RLIN)
a 7
b cbc
c orignew
d 1
e ocip
f 19
g y-gencatlg
942 ## - ADDED ENTRY ELEMENTS (KOHA)
Source of classification or shelving scheme Library of Congress Classification
Koha item type Books
Suppress in OPAC No
999 ## -
-- 621
-- 621
Holdings
Withdrawn status Lost status Source of classification or shelving scheme Damaged status Not for loan Collection Home library Current library Shelving location Date acquired Total Checkouts Full call number Barcode Date last seen Date last checked out Copy number Price effective from Koha item type
    Dewey Decimal Classification     Juvenile Fiction Footprints International School Library Network Toul Tom Poung Campus Footprints International School Library Network Toul Tom Poung Campus TTP Primary Yellow Bookshelves 06/27/2023 2 BRO Fic PZ7.B81422 FISTK00349 06/17/2025 03/05/2024 1 06/27/2023 Books
    Dewey Decimal Classification     Juvenile Fiction Footprints International School Library Network Toul Tom Poung Campus Footprints International School Library Network Toul Tom Poung Campus TTP Primary Yellow Bookshelves 08/08/2025   BRO Fic PZ7.B81422 FIS02612 08/08/2025   2 08/08/2025 Books